[Event "WchT Seniors 65"]
[Site "Struga"]
[Date "2023.09.28"]
[Round "9.3"]
[White "Spanton, Timothy"]
[Black "Waterfield, John"]
[Result "1-0"]
[WhiteElo "1850"]
[BlackElo "1905"]
[PlyCount "83"]
[EventDate "2023.09.19"]
[EventType "team-swiss"]
[EventRounds "9"]
[EventCountry "MKD"]
[SourceTitle "EXT 2024"]
[Source "ChessBase"]
[SourceDate "2023.10.10"]
[SourceVersion "1"]
[SourceVersionDate "2023.10.10"]
[SourceQuality "1"]
[WhiteTeam "England 65 II"]
[BlackTeam "Wales Silures 65"]
[WhiteTeamCountry "ENG"]
[BlackTeamCountry "WLS"]

1. e4 c5 2. Nf3 g6 3. d4 cxd4 4. Nxd4 Nc6 5. Nc3 Bg7 6. Nxc6 bxc6 7. Bc4 d6 8. 0-0 e6 9. Bf4 d5 10. exd5 Bxc3 11. bxc3 cxd5 12. Bb5+ Bd7 13. Bxd7+ Qxd7 14. Qd4 f6 15. Rfe1 Kf7 16. Bg3 Ne7 17. Rab1 Nf5 18. Qd3 Nxg3 19. hxg3 Rhc8 20. Qa6 Rc7 21. Re3 Rac8 22. Rbe1 Rc6 23. Qa4 Qc7 24. Qh4 Rh8 25. Rf3 e5 26. Rd1 Qd6 27. Rfd3 Rc5 28. Qa4 a5 29. c4 d4 30. c3 Qc6 31. Qb3 a4 32. Qa3 Rxc4 33. cxd4 exd4 34. Rxd4 Re8 35. Rd6 Qe4 36. Rd7+ Re7 37. Rd8 Rc2 38. R1d7 Qe2 39. Rxe7+ Qxe7 40. Qd3 Rc7 41. Qd5+ Qe6 42. Rf8+ 1-0

[Event "WchT Seniors 65"]
[Site "Struga"]
[Date "2023.09.23"]
[Round "5.3"]
[White "Stosevski, Ilja"]
[Black "Waterfield, John"]
[Result "0-1"]
[WhiteElo "1968"]
[BlackElo "1905"]
[PlyCount "128"]
[EventDate "2023.09.19"]
[EventType "team-swiss"]
[EventRounds "9"]
[EventCountry "MKD"]
[SourceTitle "EXT 2024"]
[Source "ChessBase"]
[SourceDate "2023.10.10"]
[SourceVersion "1"]
[SourceVersionDate "2023.10.10"]
[SourceQuality "1"]
[WhiteTeam "Macedonia 65"]
[BlackTeam "Wales Silures 65"]
[WhiteTeamCountry "MKD"]
[BlackTeamCountry "WLS"]

1. Nf3 g6 2. d4 Nf6 3. g3 Bg7 4. Bg2 0-0 5. 0-0 d6 6. b3 c5 7. Bb2 Nbd7 8. a4 Rb8 9. Na3 b6 10. d5 a6 11. c4 Ne8 12. Ra2 Ndf6 13. Nd2 Nc7 14. e4 Bg4 15. f3 Bd7 16. e5 Nfe8 17. f4 b5 18. cxb5 axb5 19. a5 Na6 20. Nc2 Qc8 21. exd6 Nxd6 22. Bxg7 Kxg7 23. Re1 Re8 24. Nf3 f6 25. Qa1 Qc7 26. Ng5 Rbc8 27. Ne6+ Bxe6 28. Rxe6 Qa7 29. Kh1 Nc7 30. Re2 Na6 31. g4 Kf7 32. Qe1 Kg7 33. Ra1 Qd7 34. Qh4 e6 35. dxe6 Rxe6 36. Rxe6 Qxe6 37. Re1 Qxb3 38. Re7+ Nf7 39. Ne3 Qb1+ 40. Nf1 Nb4 41. Kg1 Qa1 42. Bb7 Rd8 43. g5 fxg5 44. fxg5 Kf8 45. Re4 Qxa5 46. Rf4 Qb6 47. Be4 c4+ 48. Kg2 Kg7 49. Rxf7+ Kxf7 50. Qxh7+ Kf8 51. Bxg6 Qc6+ 52. Be4 Qd7 53. Qh8+ Kf7 54. g6+ Ke7 55. Qh4+ Kd6 56. Qg3+ Kc5 57. Qf2+ Qd4 58. h4 c3 59. h5 c2 60. Qf5+ Rd5 61. Bxd5 Qxd5+ 62. Qxd5+ Nxd5 63. g7 Nf6 64. Ng3 Ng8 0-1

[Event "WchT Seniors 65"]
[Site "Struga"]
[Date "2023.09.22"]
[Round "4.3"]
[White "Waterfield, John"]
[Black "Kradolfer, Georg"]
[Result "0-1"]
[WhiteElo "1905"]
[BlackElo "1912"]
[PlyCount "58"]
[EventDate "2023.09.19"]
[EventType "team-swiss"]
[EventRounds "9"]
[EventCountry "MKD"]
[SourceTitle "EXT 2024"]
[Source "ChessBase"]
[SourceDate "2023.10.10"]
[SourceVersion "1"]
[SourceVersionDate "2023.10.10"]
[SourceQuality "1"]
[WhiteTeam "Wales Silures 65"]
[BlackTeam "Switzerland 65"]
[WhiteTeamCountry "WLS"]
[BlackTeamCountry "SUI"]

1. e4 c6 2. d4 d5 3. exd5 cxd5 4. c4 Nf6 5. Nc3 e6 6. a3 Nc6 7. Nf3 Be7 8. c5 a5 9. Bb5 0-0 10. 0-0 Bd7 11. Na4 Na7 12. Bd3 Bxa4 13. Qxa4 Nc6 14. Re1 Qc7 15. Bg5 Rfe8 16. Bb5 Nd7 17. Bxe7 Rxe7 18. b4 e5 19. Bxc6 bxc6 20. Re2 e4 21. Nd2 Re6 22. Nb3 Rh6 23. g3 f5 24. Nxa5 f4 25. Qc2 f3 26. Re3 Nf6 27. Qb3 Qd7 28. h4 Qh3 29. Rxf3 Rxh4 0-1

[Event "Frome op 32nd"]
[Site "Frome"]
[Date "2023.05.14"]
[Round "4"]
[White "Sefton, Adam"]
[Black "Waterfield, John"]
[Result "1/2-1/2"]
[WhiteElo "1634"]
[BlackElo "1958"]
[PlyCount "67"]
[EventDate "2023.05.12"]
[EventType "swiss"]
[EventRounds "5"]
[EventCountry "ENG"]
[SourceTitle "EXT 2024"]
[Source "ChessBase"]
[SourceDate "2023.10.10"]
[SourceVersion "1"]
[SourceVersionDate "2023.10.10"]
[SourceQuality "1"]

1. d4 Nf6 2. c4 c5 3. d5 b5 4. cxb5 a6 5. b6 a5 6. Nc3 Ba6 7. Qb3 c4 8. Qa4 Qxb6 9. e4 Qb4 10. Qc2 d6 11. Nf3 Nbd7 12. Be3 g6 13. Nd2 Ne5 14. a3 Qb7 15. Qa4+ Nfd7 16. Rb1 Bg7 17. Qxa5 0-0 18. Be2 Rfc8 19. 0-0 Nc5 20. Na4 Nxa4 21. Qxa4 c3 22. Bxa6 Rxa6 23. bxc3 Qa8 24. Qb4 Rxa3 25. Bd4 Ra2 26. Bxe5 Bxe5 27. Nc4 Ra4 28. Nb6 Rxb4 29. cxb4 Qb7 30. Nxc8 Qxc8 31. Rfc1 Qb7 32. b5 Bd4 33. Rc6 Bb6 34. g3 1/2-1/2

[Event "South Wales Autumn op"]
[Site "Newport"]
[Date "2019.11.17"]
[Round "5"]
[White "Waterfield, John"]
[Black "Varley, Peter"]
[Result "0-1"]
[WhiteElo "1921"]
[BlackElo "2181"]
[PlyCount "52"]
[EventDate "2019.11.15"]
[EventType "swiss"]
[EventRounds "5"]
[EventCountry "WLS"]
[SourceTitle "EXT 2022"]
[Source "ChessBase"]
[SourceDate "2021.10.06"]
[SourceVersion "1"]
[SourceVersionDate "2021.10.06"]
[SourceQuality "1"]

1. e4 e5 2. Nf3 Nc6 3. c3 d5 4. Qa4 Qd6 5. b3 dxe4 6. Ba3 Qf6 7. Bxf8 Kxf8 8. Qxe4 Bf5 9. Qc4 Nge7 10. Bd3 Bxd3 11. Qxd3 Qg6 12. Qxg6 hxg6 13. Na3 a6 14. 0-0 Rd8 15. Rad1 Nd5 16. Rfe1 f6 17. Nc2 Kf7 18. Ne3 Rd7 19. Nxd5 Rxd5 20. Re2 Rhd8 21. Ne1 R5d6 22. Nc2 Rd3 23. a3 Rxc3 24. Rc1 Rxb3 25. Nb4 Nxb4 26. axb4 c6 0-1

[Event "South Wales Autumn op"]
[Site "Newport"]
[Date "2019.11.16"]
[Round "2"]
[White "Waterfield, John"]
[Black "Kozusek, Daniel"]
[Result "0-1"]
[WhiteElo "1921"]
[BlackElo "2338"]
[PlyCount "70"]
[EventDate "2019.11.15"]
[EventType "swiss"]
[EventRounds "5"]
[EventCountry "WLS"]
[SourceTitle "EXT 2022"]
[Source "ChessBase"]
[SourceDate "2021.10.06"]
[SourceVersion "1"]
[SourceVersionDate "2021.10.06"]
[SourceQuality "1"]

1. e4 c5 2. Nf3 e6 3. d4 cxd4 4. Nxd4 Nf6 5. Nc3 Nc6 6. Be2 Bb4 7. 0-0 Bxc3 8. bxc3 Nxe4 9. Qd3 d5 10. Ba3 Ne7 11. c4 0-0 12. cxd5 exd5 13. c4 Re8 14. Rfd1 Nf6 15. Bf3 Ng6 16. cxd5 Nxd5 17. Qb3 Ndf4 18. Nb5 Qg5 19. Nd6 Be6 20. Qxb7 Rab8 21. Qc6 Ne5 22. Qe4 Bg4 23. Bxg4 Qxg4 24. Re1 Re6 25. Rab1 Rf8 26. Qb7 Nxg2 27. Qxg2 Nf3+ 28. Kf1 Rxe1+ 29. Rxe1 Qxg2+ 30. Kxg2 Nxe1+ 31. Kg3 f6 32. Nb5 Rc8 33. Bb4 Nd3 34. Nxa7 Ra8 35. Nc6 Ra6 0-1

[Event "WLS-chT 1819"]
[Site "Wales"]
[Date "2019.04.28"]
[Round "5.5"]
[White "Waterfield, John"]
[Black "Haigh, Tony"]
[Result "1/2-1/2"]
[WhiteElo "1928"]
[BlackElo "1756"]
[PlyCount "130"]
[EventDate "2018.11.04"]
[EventType "team-tourn"]
[EventRounds "5"]
[EventCountry "WLS"]
[SourceTitle "EXT 2020"]
[Source "ChessBase"]
[SourceDate "2019.10.17"]
[SourceVersion "1"]
[SourceVersionDate "2019.10.17"]
[SourceQuality "1"]
[WhiteTeam "The Full Ponty"]
[BlackTeam "Cardigan"]
[WhiteTeamCountry "WLS"]
[BlackTeamCountry "WLS"]

1. e4 e6 2. d4 d5 3. Nc3 Nf6 4. e5 Nfd7 5. f4 c5 6. Nf3 Nc6 7. Be3 a6 8. Qd2 b5 9. dxc5 Bxc5 10. Nd4 Nxd4 11. Bxd4 Bxd4 12. Qxd4 Qb6 13. 0-0-0 b4 14. Na4 Qxd4 15. Rxd4 a5 16. Bb5 Rb8 17. Bc6 Kd8 18. Bxd7 Bxd7 19. Nc5 Rb5 20. Nb3 a4 21. Nd2 Ke7 22. Rd1 Rc8 23. Ne4 dxe4 24. Rxd7+ Ke8 25. R7d4 Rbc5 26. R1d2 e3 27. Re2 Rc4 28. Rxc4 Rxc4 29. g3 b3 30. axb3 axb3 31. Kd1 Rd4+ 32. Kc1 Rc4 33. Kd1 Rd4+ 34. Ke1 bxc2 35. Rxc2 Rb4 36. Re2 f6 37. exf6 gxf6 38. Kd1 Kd7 39. Kc2 e5 40. fxe5 fxe5 41. Rxe3 Ke6 42. Kc3 Rd4 43. b4 h5 44. h3 Kf5 45. Rd3 Re4 46. b5 Ra4 47. b6 Ra8 48. b7 Rb8 49. Rd7 Ke4 50. Kc4 Kf3 51. g4 hxg4 52. hxg4 Kxg4 53. Kd5 Kf5 54. Rf7+ Kg6 55. Rd7 Kf5 56. Kc6 e4 57. Kc7 Rh8 58. Rd8 Rh7+ 59. Kc6 Rxb7 60. Kxb7 e3 61. Kc6 Ke4 62. Kc5 e2 63. Kc4 Ke3 64. Re8+ Kd2 65. Rd8+ Kc2 1/2-1/2

[Event "WchT Seniors 65"]
[Site "Rhodes"]
[Date "2019.04.19"]
[Round "4.9"]
[White "Van de Wynkele, Herman"]
[Black "Waterfield, John"]
[Result "0-1"]
[WhiteElo "2129"]
[BlackElo "1928"]
[PlyCount "108"]
[EventDate "2019.04.16"]
[EventType "team-swiss"]
[EventRounds "9"]
[EventCountry "GRE"]
[SourceTitle "CBM 190 Extra"]
[Source "ChessBase"]
[SourceDate "2019.07.15"]
[SourceVersion "1"]
[SourceVersionDate "2019.07.15"]
[SourceQuality "1"]
[WhiteTeam "Belgium"]
[BlackTeam "Wales"]
[WhiteTeamCountry "BEL"]
[BlackTeamCountry "WLS"]

1. e4 g6 2. d4 Bg7 3. Nf3 c5 4. c4 cxd4 5. Nxd4 Nf6 6. Nc3 0-0 7. Be2 Nc6 8. Be3 d6 9. 0-0 Bd7 10. h3 Nxd4 11. Bxd4 Bc6 12. Qc2 a5 13. Rfd1 Nd7 14. Bxg7 Kxg7 15. b3 Qb6 16. Rab1 Kg8 17. a3 Ne5 18. b4 f5 19. exf5 Rxf5 20. Bg4 Nxg4 21. hxg4 Rf7 22. c5 dxc5 23. b5 Be8 24. Nd5 Qd6 25. Qe4 Kf8 26. g5 Rc8 27. Qe3 Rf5 28. Qe4 Qe5 29. Qh4 Rd8 30. Qh6+ Qg7 31. Qxg7+ Kxg7 32. Nc7 Rxd1+ 33. Rxd1 Bf7 34. Rd7 c4 35. Rxe7 Kf8 36. Re4 Rxg5 37. b6 Rc5 38. Re8+ Bxe8 39. Ne6+ Ke7 40. Nxc5 c3 41. Kf1 c2 42. Nb3 Ba4 43. Nc1 Kd6 44. Ke2 Kc5 45. Kd3 Kxb6 46. Kd2 Kc5 47. f4 b5 48. g4 Kd4 49. Ne2+ Ke4 50. g5 b4 51. axb4 axb4 52. Nc1 b3 53. Nd3 Kd4 54. Nb2 Bb5 0-1

[Event "WLS-chT 1819"]
[Site "Wales"]
[Date "2018.11.04"]
[Round "1.5"]
[White "Waterfield, John"]
[Black "Sivarajasingam, Venetia"]
[Result "1/2-1/2"]
[WhiteElo "1929"]
[BlackElo "1760"]
[PlyCount "89"]
[EventDate "2018.11.04"]
[EventType "team-tourn"]
[EventRounds "5"]
[EventCountry "WLS"]
[SourceTitle "EXT 2020"]
[Source "ChessBase"]
[SourceDate "2019.10.17"]
[SourceVersion "1"]
[SourceVersionDate "2019.10.17"]
[SourceQuality "1"]
[WhiteTeam "The Full Ponty"]
[BlackTeam "Cardiff"]
[WhiteTeamCountry "WLS"]
[BlackTeamCountry "WLS"]

1. e4 e6 2. d4 d5 3. Nc3 dxe4 4. Nxe4 Nd7 5. Bd3 Ngf6 6. Qe2 Be7 7. Nf3 0-0 8. c3 c5 9. 0-0 Nxe4 10. Qxe4 Nf6 11. Qh4 b6 12. Bg5 g6 13. Be4 Rb8 14. Rad1 c4 15. Ne5 Nd5 16. Bxe7 Qxe7 17. Qxe7 Nxe7 18. Nxc4 Ba6 19. Bd3 Bb7 20. Rfe1 Bd5 21. Ne5 Rfd8 22. Be4 Rbc8 23. Bxd5 Nxd5 24. g3 b5 25. Nd3 b4 26. cxb4 Rc4 27. Ne5 Rc2 28. b5 Rxb2 29. Nc6 Re8 30. Rb1 Rxa2 31. Ra1 Rb2 32. Reb1 Rxb1+ 33. Rxb1 Kf8 34. Kf1 Rc8 35. Rb3 Ke8 36. Ke2 Kd7 37. Kd3 f6 38. Ra3 Rc7 39. Rxa7 Nb4+ 40. Kc4 Nxc6 41. bxc6+ Kxc6 42. Rxc7+ Kxc7 43. Kc5 Kd7 44. f4 h6 45. d5 1/2-1/2

[Event "West Wales op"]
[Site "Swansea"]
[Date "2018.10.14"]
[Round "4"]
[White "Van Kemenade, Rudy"]
[Black "Waterfield, John"]
[Result "1/2-1/2"]
[WhiteElo "2023"]
[BlackElo "2026"]
[PlyCount "91"]
[EventDate "2018.10.12"]
[EventType "swiss"]
[EventRounds "5"]
[EventCountry "WLS"]
[SourceTitle "EXT 2020"]
[Source "ChessBase"]
[SourceDate "2019.10.17"]
[SourceVersion "1"]
[SourceVersionDate "2019.10.17"]
[SourceQuality "1"]

1. e4 c5 2. Nf3 g6 3. d4 cxd4 4. Qxd4 Nf6 5. Nc3 Nc6 6. Qa4 d6 7. e5 dxe5 8. Nxe5 Bd7 9. Nxd7 Qxd7 10. Be3 Bg7 11. Rd1 Qc8 12. Bb5 0-0 13. Bxc6 bxc6 14. 0-0 Qb7 15. Qb3 Qa6 16. Bc5 Rab8 17. Qa3 Qxa3 18. Bxa3 Nd5 19. Nxd5 cxd5 20. Rxd5 Bxb2 21. Bxe7 Rfe8 22. Rd7 a5 23. Rfd1 Kg7 24. g3 Rbc8 25. Ra7 Ra8 26. Rdd7 Rxa7 27. Rxa7 Bd4 28. Rd7 Bf6 29. Bxf6+ Kxf6 30. Rd6+ Ke7 31. Ra6 Rc8 32. Rxa5 Rxc2 33. a4 Ra2 34. Re5+ Kd6 35. Re4 f5 36. Rf4 Ra1+ 37. Kg2 Ke5 38. h4 h6 39. Rb4 g5 40. h5 g4 41. Rb6 Rxa4 42. Rxh6 f4 43. gxf4+ Kxf4 44. Rb6 Ra3 45. h6 Rh3 46. Ra6 1/2-1/2

[Event "West Wales op"]
[Site "Swansea"]
[Date "2018.10.13"]
[Round "2"]
[White "Jones, Iolo Cerredig"]
[Black "Waterfield, John"]
[Result "1-0"]
[WhiteElo "2225"]
[BlackElo "2026"]
[PlyCount "89"]
[EventDate "2018.10.12"]
[EventType "swiss"]
[EventRounds "5"]
[EventCountry "WLS"]
[SourceTitle "EXT 2020"]
[Source "ChessBase"]
[SourceDate "2019.10.17"]
[SourceVersion "1"]
[SourceVersionDate "2019.10.17"]
[SourceQuality "1"]

1. d4 g6 2. e4 Bg7 3. Be2 c5 4. d5 d6 5. Nc3 Nf6 6. Nf3 0-0 7. 0-0 e6 8. Bg5 h6 9. Bf4 exd5 10. exd5 a6 11. a4 Qc7 12. Nd2 Nbd7 13. Nc4 Ne8 14. Ne4 Ne5 15. Bxe5 Bxe5 16. Nxe5 dxe5 17. d6 Qd7 18. Qd2 Kg7 19. Qc3 Qf5 20. Bd3 c4 21. Qxc4 Be6 22. Qb4 Bd5 23. Nc5 Qg5 24. Be4 a5 25. Qc3 Bxe4 26. Nxe4 Qf5 27. Rfe1 Rc8 28. Qd3 Qd7 29. Rad1 f5 30. Nc3 Rc6 31. Qb5 e4 32. Qe5+ Kh7 33. Nb5 Rf6 34. Rd2 Re6 35. Qf4 Rc5 36. Red1 g5 37. Qe3 Rce5 38. Qc3 e3 39. fxe3 Rxe3 40. Rd3 f4 41. Qxa5 b6 42. Qc3 Nf6 43. Rxe3 fxe3 44. Re1 Nd5 45. Qd3+ 1-0